| 000 | 00720nam a22002177a 4500 | ||
|---|---|---|---|
| 003 | OSt | ||
| 005 | 20150408114111.0 | ||
| 008 | 130127s2013 jo ak f b 00| 0 ara d | ||
| 020 | _a9789957225230 | ||
| 040 | _aMU | ||
| 082 | 0 | 4 |
_221 _a338.5 _bخ ع م |
| 100 | 1 |
_aخليفي، عيسى _919788 |
|
| 245 | 1 | 0 |
_aمبادئ الاقتصاد الجزئي / _cتأليف عيسى خليفي. |
| 250 | _aط. 1. | ||
| 260 |
_aعمان، الأردن : _bدار أسامة، _c2013 |
||
| 300 |
_a232 ص. : _bأشكال، جداول ؛ _c24 سم. |
||
| 504 | _aببليوجرافية : ص. 231-232. | ||
| 650 | 4 |
_aالاقتصاد الجزئي . _919812 |
|
| 650 | 4 |
_aالاقتصاد _xفلسفة. _916699 |
|
| 942 |
_2ddc _cDVD |
||
| 999 |
_c27033 _d261533 |
||